UNESCO ofrece plataforma de capacitación abierta

Gespeichert in:
Bibliographische Detailangaben
Format: Text
Tags: Tag hinzufügen
Keine Tags, Fügen Sie den ersten Tag hinzu!

MARC

LEADER 00000 a a2200000 04500
001 41344
003
040
245 |a UNESCO ofrece plataforma de capacitación abierta  
773 |g volumen21, número3 ( , 2008), páginas 9-10  
999 |c 31749  |d 31749